יישובי רמת הגולן - Statistics

General Stats
  • This quiz has been taken 5 times
  • The average score is 14 of 33
Answer Stats
שם היישוב % Correct
נווה אטיב
100%
אבני איתן
67%
אודם
67%
אורטל
67%
אלוני הבשן
67%
בני יהודה
67%
חיספין
67%
כנף
67%
נוב
67%
קשת
67%
רמות
67%
שעל
67%
אל-רום
33%
אליעד
33%
אניעם
33%
אפיק
33%
גבעת יואב
33%
גשור
33%
חד נס
33%
יונתן
33%
כפר חרוב
33%
מבוא חמה
33%
מעלה גמלא
33%
מרום גולן
33%
נאות גולן
33%
נטור
33%
נמרוד
33%
עין זיוון
33%
רמת מגשימים
33%
מיצר
0%
קדמת צבי
0%
קלע אלון
0%
רמת טראמפ
0%
No matching quizzes found
Score Distribution
Percent of People with Each Score
Percentile by Number Answered
Your Score History
You have not taken this quiz